000 00681nam a2200241Ia 4500
003 OSt
005 20220918180108.0
006 a|||||r|||| 00| 0
007 ta
008 220917b |||||||| |||| 00| 0 eng d
024 _a20,635
037 _cTextual
040 _aARTS
_cARTS
_beng
041 _2eng
_aeng
082 _aV2:73.D4<-C2, L4
100 _aDasgupta Kalyan Kumar
_955669
245 0 _aTribal history of ancient India
_b a numismatic approach
260 _aCalcutta
_bNababharat
_c1974
300 _axxx,336p. plates
_ccm.
650 _aHISTORY
942 _hV2:73.D4<-C2, L4
_cTEXL
_2CC
999 _c160294
_d160294